Top 50 Marvel Heroes of Logan Luke Abrego - Statistics

General Stats
  • This quiz has been taken 9 times
  • The average score is 38 of 50
Answer Stats
Hint Answer % Correct
27. Black Panther
100%
22. Black Widow
100%
4. Captain America
100%
16. Hawkeye (Clint Barton)
100%
3. Hulk
100%
26. Invisible Woman
100%
13. Mr. Fantastic
100%
8. Spider-Man 2099
100%
11. Spider-Man (Miles Morales)
100%
1. Spider-Man (Peter Parker)
100%
33. Thor Odinson
100%
2. Wolverine
100%
45. Agent Venom
86%
14. Ant-Man (Hank Pym)
86%
32. Ant-Man (Scott Lang)
86%
6. Cyclops
86%
5. Daredevil
86%
7. Deadpool
86%
29. Doctor Strange
86%
47. Falcon
86%
15. Ghost Rider (Johnny Blaze)
86%
31. Human Torch
86%
10. Iron Man
86%
19. Punisher
86%
35. Storm
86%
25. The Thing
86%
38. Wasp
86%
12. Beast
71%
48. Bucky Barnes
71%
20. Groot
71%
42. Mantis
71%
17. Nightcrawler
71%
9. Phoenix
71%
18. Rocket Raccoon
71%
40. Scarlet Witch
71%
37. Star-Lord
71%
41. Black Bolt
57%
46. Iceman
57%
23. Iron Fist (Danny Rand)
57%
39. Nova
57%
36. Power Man
57%
24. Quicksilver
57%
34. She-Hulk
57%
43. Beta Ray Bill
43%
28. Colossus
43%
50. Gambit
43%
21. Professor X
43%
49. Rogue
43%
44. Thunderstrike
43%
30. Darkhawk
29%
No matching quizzes found
Score Distribution
Percent of People with Each Score
Percentile by Number Answered
Your Score History
You have not taken this quiz